Statistics for Rolex models

Click here to take the quiz!

General Stats

  • This quiz has been taken 43 times
  • The average score is 8 of 11

Answer Stats

Answer% Correct
daytona
95%
submariner
95%
datejust
89%
day date
86%
gmt master
76%
yachtmaster
62%
Sky Dweller
59%
explorer
57%
milgauss
54%
oyster perpetual
49%
Cellini
38%

Score Distribution

Percentile by Number Answered

Percent of People with Each Score

Your Score History

You have not taken this quiz